000 01135cam7a220027700 4500
001 qce00443064
005 20190822121508.0
008 720727m19571959wiuac b 000 0beng
010 _a 57009817
035 _a(Sirsi) r9112
035 _a(QCAT)lss00260092
035 _a(UPRA)qce00443064
040 _dUPRA
050 0 _aPR6023.A93
_bZ73
082 _a928.2
100 1 _aNehls, Edward.
_6A62195.1
245 1 0 _aD.H. Lawrence: a composite biography /
_cgathered, arranged, and edited by Edward Nehls.
260 _aMadison :
_bUniversity of Wisconsin Press,
_c1957-59.
504 _aBibliography: v. 1, p. 535-540. "Notes and sources": v. 1, p. 541-600.
505 0 _aVol. 1. 1885-1919 -- v. 2. 1919-1925 -- v. 3. 1925-1930.
600 1 0 _aLawrence, D. H. (David Herbert), 1885-1930.
_qLawrence, D. H. (David Herbert), 1885-1930.
_dLawrence, D. H. (David Herbert), 1885-1930.
_6S4079.3
949 _aPR6023.A93
_vVOL. 1
_wlcc
_i-534
_mMAIN
_p2250
_tBOOK
_lON-SHELF
949 _aPR6023.A93
_vVOL. 2
_wlcc
_i-535
_mMAIN
_p2250
_tBOOK
_lON-SHELF
949 _aPR6023.A93
_vVOL. 3
_wlcc
_i-536
_mMAIN
_p2250
_tBOOK
_lON-SHELF
004 9112
999 _c134976
_d134976